Positive Psychology : (Record no. 1354)

MARC details
000 -LEADER
fixed length control field 00647nam a2200205 a 4500
003 - CONTROL NUMBER IDENTIFIER
control field BD-DhJNU
005 - DATE AND TIME OF LATEST TRANSACTION
control field 20250217090854.0
008 - FIXED-LENGTH DATA ELEMENTS--GENERAL INFORMATION
fixed length control field 170221b xxu||||| |||| 00| 0 eng d
020 ## - INTERNATIONAL STANDARD BOOK NUMBER
International Standard Book Number 9788178299242
040 ## - CATALOGING SOURCE
Original cataloging agency BD-DhJNU
Language of cataloging ENG
Transcribing agency BD-DhJNU
Modifying agency BD-DhJNU
082 ## - DEWEY DECIMAL CLASSIFICATION NUMBER
Classification number 150 SNP
Edition number 23
100 ## - MAIN ENTRY--PERSONAL NAME
Personal name Snyder, C. R.
245 ## - TITLE STATEMENT
Title Positive Psychology :
Remainder of title the scientific and practical explorations of human strenghs /
Statement of responsibility, etc. C. R. Snyder and Shane J. Lopez
260 ## - PUBLICATION, DISTRIBUTION, ETC.
Place of publication, distribution, etc. New Delhi :
Name of publisher, distributor, etc. Sage Publications,
Date of publication, distribution, etc. 2007.
300 ## - PHYSICAL DESCRIPTION
Extent xxiii, 598 p. :
Other physical details ill. ;
Dimensions 24 cm.
500 ## - GENERAL NOTE
General note Psychology
520 ## - SUMMARY, ETC.
Summary, etc. Positive Psychology
700 ## - ADDED ENTRY--PERSONAL NAME
Personal name Lopez, Shane J.
942 ## - ADDED ENTRY ELEMENTS (KOHA)
Koha item type Books
Holdings
Withdrawn status Lost status Source of classification or shelving scheme Damaged status Not for loan Collection Home library Current library Shelving location Date acquired Source of acquisition Total checkouts Full call number Barcode Date last seen Copy number Price effective from Koha item type
    Dewey Decimal Classification     Non-fiction Jagannath University Central Library Jagannath University Central Library General stacks 02/17/2025 Purchased   150 SNP JNUCL25872 02/17/2025 1 02/17/2025 Books